| 000 | 00339nam a22001457a 4500 | ||
|---|---|---|---|
| 020 | _a81-291-0002-9 | ||
| 082 |
_a823 _bJAA/S |
||
| 100 | _aBHATTACHARYYA, ANIRUDH (ED) | ||
| 100 | _aSINHA, ADITHYA (ED) | ||
| 245 | _aSCREEN SHOTS | ||
| 260 |
_aDELHI _bRUPA & CO _c2002 |
||
| 300 | _a58 | ||
| 650 |
_aENGLISH SHORT STORY _zDELHI |
||
| 942 | _cBK | ||
| 999 |
_c2705 _d2705 |
||